LEADER 01033nam a2200229 i 4500 001 000000210720 003 CaOOAMICUS 005 20240111102220.0 008 120209s1775 it u000 u ita u 013 $a189533 026 $aerr- c.c. ede- (7(6 (3) 1775 (R) 040 $aSeMil$bita 245 10$aTomo 5. Dall'anno 1300 fino all'anno 1400. 300 $aXXVII, [1], 547, [1] p. 500 $aFregi, capilettera, testatine xilogr. 500 $aNel titolo i numeri 1300 e 1400 sono espressi : MCCC e MCCCC 500 $aSegn.: a-b4 c6 A-3X4 3Y6 773 0 $aTiraboschi, Girolamo <1731-1794>$tStoria della letteratura italiana di Girolamo Tiraboschi della Compagnia di Gesu bibliotecario del serenissimo Duca di Modena. Tomo 1. [-9.].$dIn Modena : Presso la Società tipografica, 1772-1781.$g5$w()26237 850 $aSeMil 852 $aSeMil$W1$xVenegono$y1$m1S VII 5 FA$j161167$B161167$CSeMilBibl$Z2$F172329 $8I 996 $6245$aTomo 5. Dall'anno 1300 fino all'anno 1400$9(OLS)http://semarc/title/304525 LEADER 00864nam a2200205 i 4500 001 000000043963 003 CaOOAMICUS 005 20090925000000.0 008 090925s1964 gw u000 u ger u 013 $a15133 040 $aSeMil$bita 100 1 $aLang, Albert .$0(OLS)http://semarc/name/687 245 14$aDie theologische Prinzipienlehre der mittelalterlichen Scholastik /$cAlbert Lang. 260 $aFreiburg ; Basel ; Wien :$bHerder,$c1964. 300 $a225 p. ;$c23 cm. 650 4$aScolastica.$0(OLS)http://semarc/subject/210 850 $aSeMil 852 $aSeMil$W1$xVenegono$y1$m2B III 212$j10118$B10118$CSeMilBibl$Z2$F10118 $81 996 $6245$aDie theologische Prinzipienlehre der mittelalterlichen Scholastik$9(OLS)http://semarc/title/64800 996 $6260$aFreiburg ; Basel ; Wien :$bHerder$9(OLS)http://semarc/publisher/29643